| 000 | 00702nam a2200229 a 4500 | ||
|---|---|---|---|
| 001 | BRL_715 | ||
| 005 | 20190320210850.0 | ||
| 008 | 300913s19uu----gw-#######---#000-0#ger-# | ||
| 041 | _ager | ||
| 044 | _agw | ||
| 050 | 4 |
_aML50.R835 _b.R54 1900 |
|
| 100 | 1 |
_aRiese, Friedrich Wilhelm _924725 |
|
| 245 | 1 | 0 |
_aMartha oder Der Markt zu Richmond _boper in bier abtheilungen _cTeilweise nach einem plan von St. George ; von W. Fiederich |
| 260 |
_aLeipzig _bBreitkopf un Härtel _c[19--] |
||
| 300 |
_a48 p. _c17 cm. |
||
| 440 | 0 |
_aBreitkopf & Härtels Textbibliothek _v352 _924726 |
|
| 500 | _aAu810 | ||
| 650 | 1 | 4 |
_aOperas _924727 |
| 650 | 1 | 4 |
_aLibretos de operas _924728 |
| 902 | _aGRL | ||
| 942 |
_2lcc _cB |
||
| 999 |
_c9527 _d9527 |
||